000
00316nam a22001337a 4500
008
170824b xxu||||| |||| 00| 0 eng d
020
_a
070090157
041
_a
eng
080
_2
5TH
_a
51
100
_a
38
101
_a
MAT
245
_a
HANDBOOK OF MATHEMATICAL TABLES AND FORMULAS
_c
BURNGTON,R.S
942
_2
udc
_c
BK
999
_c
24854
_d
24854